Sbírka příkladů z finančního účetnictví /

Hlavní autor: Kubíčková, Dana, 1954-
Jazyk: Čeština
Vydáno: Praha : Vysoká škola finanční a správní, 2009
Vydání: Vyd. 1.
Edice: Eupress
Témata:
Fyzický popis: 181 s. ; 30 cm
Knihy
Uloženo v:
LEADER 01337nam a2200397 a 4500
001 nkc20091995229
003 CZ PrNK
005 20091211151412.0
007 ta
008 091110s2009 xr e p 000 0 cze
015 |a cnb001995229 
020 |a 978-80-7408-018-0  |q (brož.) 
035 |a (OCoLC)480940570 
040 |a ABA001  |b cze  |d BOA001 
072 7 |a 657  |x Účetnictví  |2 Konspekt  |9 4 
072 7 |a 37.016  |x Učební osnovy. Vyučovací předměty. Učebnice  |2 Konspekt  |9 22 
080 |a 657  |2 MRF 
080 |a (075.8)  |2 MRF 
100 1 |a Kubíčková, Dana,  |d 1954-  |7 mzk2003190511  |4 aut 
245 1 0 |a Sbírka příkladů z finančního účetnictví /  |c Dana Kubíčková 
250 |a Vyd. 1. 
260 |a Praha :  |b Vysoká škola finanční a správní,  |c 2009 
300 |a 181 s. ;  |c 30 cm 
490 1 |a Eupress 
504 |a Obsahuje bibliografii 
650 0 7 |a účetnictví  |7 ph116911  |x úlohy  |2 czenas 
650 0 9 |a accounting  |x problems, exercises, etc  |2 eczenas 
655 7 |a učebnice vysokých škol  |7 fd133772  |2 czenas 
655 9 |a textbooks (higher)  |2 eczenas 
830 0 |a Eupress  |0 s 
910 2 |a BOA001  |b 4-1232.073 
928 9 |a Eupress 
990 |a BK 
995 |a 01 
991 |b 200911  |c NOV  |j 657 KUB 
996 6 |b 2610395368  |c 4-1232.073  |l MZK  |r Sklad / do 1 hodiny  |n 1  |p p.v.  |w 000973428  |u 000010  |a 1  |e BOA001  |j MZK50  |s P